On This Day: December 1st Quiz Stats

Quiz Updated Dec 1, 2017

Challenge
Share
Tweet
Embed
Score 0/7 Timer 03:00
0 Plays Today
Question Answer Wrong Answers
In Montgomery, Alabama, this woman refuses to give up her bus seat to a white man and is arrested for violating the city's racial segregation laws.
1955
Rosa Parks
96.5%
Coretta Scott King
0.7%
Ruby Bridges
0.6%
Audre Lorde
0.3%
This American comedian and actor, known for his uncompromising examinations of racism and frequent collaborations with Gene Wilder, is born.
1940
Richard Pryor
84.3%
Eddie Murphy
7%
Redd Foxx
3.7%
Paul Mooney
3.4%
In his State of the Union Address, President Abraham Lincoln reaffirms the necessity of ending slavery as ordered ten weeks earlier in the ______.
1862
Emancipation Proclamation
72.6%
Gettysburg Address
21.5%
House Divided Speech
3%
Lincoln–Douglas Debates
2%
The first ______ in the United States since World War II is held.
1969
Draft Lottery
72%
War Protest
13%
Scrap Metal Drive
2.2%
War Bond Sale
10.3%
Crete, having obtained self rule from ______ after the First Balkan War, is annexed by Greece.
1913
Turkey
69.9%
Italy
20.5%
Egypt
5.9%
Libya
2.3%
The Antarctic Treaty, which sets aside Antarctica as a scientific preserve and bans ______ on the continent, is opened for signature.
1959
Military Activity
65.9%
Civilians
5.7%
Construction
18%
Motor Vehicles
8.1%
Since no candidate receives a majority of electoral college votes in the 1824 presidential election, the US ______ is given the task of deciding the winner in accordance with the 12th Amendment.
1824
House of Representatives
61%
Supreme Court
26.3%
Senate Majority Leader
8.6%
Secretary of State
4%

Today's Daily Dose

Missing Word
NPR Programs

Quick Pick
1991 Events

On This Day
June 18th II

You're not logged in!

Compare scores with friends on all Sporcle quizzes.
Join for Free
OR
Log In

You Might Also Like...

Show Comments

Extras

Top Quizzes Today


Score Distribution

Your Account Isn't Verified!

In order to create a playlist on Sporcle, you need to verify the email address you used during registration. Go to your Sporcle Settings to finish the process.

Report this User

Report this user for behavior that violates our Community Guidelines.

Details: